Historical dictionaries of religions, philosophies, and movements
| Format: | Print Series/Journal |
|---|---|
| Language: | English |
| Published: |
Lanham, Md. Toronto Plymouth
Scarecrow Press
1993-
Metuchen, NJ London Scarecrow Press anfangs Lanham, Md. Toronto Oxford Scarecrow Press früher |
| In: | Year: 1993 |
| Check availability: | HBZ Gateway |
| Volumes / Articles: | Show volumes/articles. |
| Keywords: |
MARC
| LEADER | 00000cas a2200000 c 4500 | ||
|---|---|---|---|
| 001 | 242899471 | ||
| 003 | DE-627 | ||
| 005 | 20260207114528.0 | ||
| 007 | tu | ||
| 008 | 980417c19939999xxuz| m| 0 |0eng c | ||
| 015 | |a 07,A29,0058 |2 dnb | ||
| 016 | 7 | |a 019183283 |2 DE-101 | |
| 016 | 7 | |a 1423945-0 |2 DE-600 | |
| 035 | |a (DE-627)242899471 | ||
| 035 | |a (DE-576)036841315 | ||
| 035 | |a (DE-599)ZDB1423945-0 | ||
| 035 | |a (OCoLC)722725514 | ||
| 040 | |a DE-627 |b ger |c DE-627 |e rakwb | ||
| 041 | |a eng | ||
| 044 | |c XD-US |c XD-CA |c XA-GB | ||
| 082 | 0 | 4 | |a 030 |q DE-101 |
| 082 | 0 | 4 | |a 900 |q DE-600 |
| 084 | |a 6,23 |2 ssgn | ||
| 245 | 0 | 0 | |a Historical dictionaries of religions, philosophies, and movements |
| 247 | 1 | 0 | |a Religions, movements, and philosophies |f Hauptsacht. teils |
| 264 | 3 | 1 | |a Lanham, Md. |a Toronto |a Plymouth |b Scarecrow Press |c 1993- |
| 264 | 2 | 1 | |a Metuchen, NJ |a London |b Scarecrow Press |c anfangs |
| 264 | 2 | 1 | |a Lanham, Md. |a Toronto |a Oxford |b Scarecrow Press |c früher |
| 300 | |c 23 cm | ||
| 336 | |a Text |b txt |2 rdacontent | ||
| 337 | |a ohne Hilfsmittel zu benutzen |b n |2 rdamedia | ||
| 338 | |a Band |b nc |2 rdacarrier | ||
| 362 | 0 | |a 1.1993 - | |
| 363 | 0 | 1 | |a 1 |i 1993 |
| 515 | |a Ersch. unregelmäßig | ||
| 655 | 7 | |a Monografische Reihe |0 (DE-588)4179998-7 |0 (DE-627)104628669 |0 (DE-576)209995106 |2 gnd-content | |
| 889 | |w (DE-603)029604176 | ||
| 889 | |w (DE-627)1871383838 | ||
| 935 | |a mteo |a JALB |a FBGO | ||
| 935 | |i sdedup20221105 | ||
| 936 | s | n | |a a100 |2 mzub |
| 951 | |a ST | ||
| ELC | |b 1 | ||
| LOK | |0 000 xxxxxcx a22 zn 4500 | ||
| LOK | |0 001 2483231489 | ||
| LOK | |0 003 DE-627 | ||
| LOK | |0 004 242899471 | ||
| LOK | |0 005 20010707000000 | ||
| LOK | |0 008 940509||||||||||||||||ger||||||| | ||
| LOK | |0 040 |a DE-21 |c DE-627 |d DE-21 | ||
| LOK | |0 852 |a DE-21 | ||
| LOK | |0 852 1 |9 00 | ||
| LOK | |0 939 |a 09-05-94 |b l01 | ||
| LOK | |0 000 xxxxxcx a22 zn 4500 | ||
| LOK | |0 001 2607183707 | ||
| LOK | |0 003 DE-627 | ||
| LOK | |0 004 242899471 | ||
| LOK | |0 005 20240321092511 | ||
| LOK | |0 008 090803||||||||||||||||ger||||||| | ||
| LOK | |0 040 |a DE-21-31 |c DE-627 |d DE-21-31 | ||
| LOK | |0 852 |a DE-21-31 | ||
| LOK | |0 852 1 |c Einzelsignatur |m p |9 00 | ||
| LOK | |0 935 |a kneu | ||
| LOK | |0 938 |k p | ||
| LOK | |0 939 |a 03-08-09 |b l01 | ||
| LOK | |0 000 xxxxxcx a22 zn 4500 | ||
| LOK | |0 001 2712744578 | ||
| LOK | |0 003 DE-627 | ||
| LOK | |0 004 242899471 | ||
| LOK | |0 005 20240321102746 | ||
| LOK | |0 008 120508||||||||||||||||ger||||||| | ||
| LOK | |0 040 |a DE-21-206 |c DE-627 |d DE-21-206 | ||
| LOK | |0 852 |a DE-21-206 | ||
| LOK | |0 852 1 |m p |9 00 | ||
| LOK | |0 935 |a i034 |a k034 |a veex |a mcup | ||
| LOK | |0 938 |k p | ||
| LOK | |0 939 |a 08-05-12 |b l01 | ||
| LOK | |0 000 xxxxxcx a22 zn 4500 | ||
| LOK | |0 001 2991451505 | ||
| LOK | |0 003 DE-627 | ||
| LOK | |0 004 242899471 | ||
| LOK | |0 005 20240321092511 | ||
| LOK | |0 008 171222||||||||||||||||ger||||||| | ||
| LOK | |0 040 |a DE-21-120 |c DE-627 |d DE-21-120 | ||
| LOK | |0 852 |a DE-21-120 | ||
| LOK | |0 852 1 |9 00 | ||
| LOK | |0 935 |a k120 | ||
| LOK | |0 939 |a 22-12-17 |b l01 | ||
| LOK | |0 000 xxxxxcx a22 zn 4500 | ||
| LOK | |0 001 4655415584 | ||
| LOK | |0 003 DE-627 | ||
| LOK | |0 004 242899471 | ||
| LOK | |0 005 20250123134750 | ||
| LOK | |0 008 250123||||||||||||||||ger||||||| | ||
| LOK | |0 040 |a DE-21-205 |c DE-627 |d DE-21-205 | ||
| LOK | |0 852 |a DE-21-205 | ||
| LOK | |0 852 1 |m p |9 00 | ||
| LOK | |0 935 |a i205 | ||
| LOK | |0 938 |k p | ||
| LOK | |0 939 |a 23-01-25 |b l01 | ||
| LOK | |0 000 xxxxxcx a22 zn 4500 | ||
| LOK | |0 001 2483231713 | ||
| LOK | |0 003 DE-627 | ||
| LOK | |0 004 242899471 | ||
| LOK | |0 005 20000712000000 | ||
| LOK | |0 008 000712||||||||||||||||ger||||||| | ||
| LOK | |0 040 |a DE-Frei85 |c DE-627 |d DE-Frei85 | ||
| LOK | |0 852 |a DE-Frei85 | ||
| LOK | |0 852 1 |m p |9 00 | ||
| LOK | |0 938 |k p | ||
| LOK | |0 939 |a 12-07-00 |b l01 | ||
| ORI | |a SA-MARC-krimdokb001.raw | ||
| SPR | |a 1 |t KRI | ||
